Κατάλογος Βιβλιοθηκών Mediterranean College

Μισθός, Τιμή, Κέρδος / Μαρξιστική Σκέψη 3 (Record no. 1911)

MARC details
000 -LEADER
fixed length control field 01433cam a22001814a 4500
005 - ΗΜΕΡΟΜΗΝΙΑ ΚΑΙ ΩΡΑ ΤΕΛΕΥΤΑΙΑΣ ΕΝΗΜΕΡΩΣΗΣ
Πεδίο ελέγχου 20250605164023.0
008 - FIXED-LENGTH DATA ELEMENTS--GENERAL INFORMATION
Πεδίο ελέγχου σταθερού μήκους 250528s ||||||||||||||||||||||||d
035 ## - SYSTEM CONTROL NUMBER
System control number 16410
040 ## - ΠΗΓΗ ΚΑΤΑΛΟΓΟΓΡΑΦΗΣΗΣ
Φορέας πρωτότυπης καταλογογράφησης MC Athens Campus Library
Γλώσσα καταλογογράφησης Ελληνικά, Μοντέρνα (1453-)
Modifying agency MC Athens Campus Library
Κανόνες περιγραφικής καταλογογράφησης AACR2
245 1# - ΤΙΤΛΟΣ ΚΑΙ ΔΗΛΩΣΗ ΥΠΕΥΘΥΝΟΤΗΤΑΣ
Τίτλος Μισθός, Τιμή, Κέρδος / Μαρξιστική Σκέψη 3
260 ## - PUBLICATION, DISTRIBUTION, ETC.
Name of publisher, distributor, etc. Θεμέλιο,
Date of publication, distribution, etc. 1976
300 ## - PHYSICAL DESCRIPTION
Extent 136
520 ## - SUMMARY, ETC.
Summary, etc. Εισαγωγή, Παραγωγή και Μισθός, Παραγωγή και Μισθός και Κέρδος, Μισθός και Νομισματική Κυκλοφοράι, Προσφορά και Ζήτηση, Μισθός και Τιμές, Αξία και Εργασία, Η Εργατική Δύναμη, Η Παραγωγή της Υπεραξίας, Η Αξία της Εργασίας, Το Κερδός βγαίνει Πουλώντας το Εμπόρευμα στην Αξία του, Τα Διάφορα Μέρη στα Οποία Χωρίζεται η Υπεραξία, Γενική Σχέση Ανάμεσα στα Κέρδη και τους Μισθούς και τις Τιμές, Οι Κυριότερες Προσπάθειες να Υψωθεί ο Μισθός ή να μην Ελαττωθεί, Η Πάλη ανάμεσα στο Κεφάλαιο και την Εργασία και τα Αποτέλεσματα της Πάλης αυτής.
700 1# - ΠΡΟΣΘΕΤΗ ΑΝΑΓΡΑΦΗ--ΦΥΣΙΚΟ ΠΡΟΣΩΠΟ
Personal name Marx Karl
9 (RLIN) 1705
942 ## - ADDED ENTRY ELEMENTS (KOHA)
Koha item type Books
Holdings
Τύπος τεκμηρίου Βιβλιοθήκη Τρέχουσα τοποθεσία Barcode Αριθμός εισαγωγής Ημερομηνία απόκτησης Ταξιθετικό σύμβολο Αριθμός αντιτύπου Κατάσταση απόσυρσης Κατάσταση χαμένου Κατάσταση κατεστραμμένου Μη δανεισμός Σύνολο δανεισμών Ημερομηνία τελευταίας εμφάνισης Η τιμή ισχύει από
Books MC Athens Campus Library MC Athens Campus Library 9780000019103 4114 05/06/2025 335.412 MAR 1           05/06/2025 05/06/2025

MC Athens Campus Library
Πατησίων 94 & Κοδριγκτώνος 13, 104 34
Πελλήνης 8 & Πατησίων 107, 112 51
Τ: +30 210 8899600

MC Thessaloniki Campus Library
Ίωνος Δραγούμη 21, 54625 | Ίωνος Δραγούμη 15, 54625
Τ: +30 2310 287779 – Τ: +30 2314 440300